Autorita ako rozumný prostriedok výchovy

Otcovská autorita. Prirodzená autorita rodičov. Neprimerané správanie dieťaťa a jeho potrestanie. Vrtošivé dieťa.

Bibliographic Details
Format: Article
Language:Slovak

MARC

LEADER 00000nab a2200000 a 4500
001 vtls001501223
003 SK-MaSNL
005 20260304143737.0
008 250505s1997 xo 000 0 slo
035 |a SPKCL3922 
035 |a urn:nbn:sk:snk-ab1c0x 
035 |a (urnnbn)urn:nbn:sk:snk:ar-001v2u 
035 |a (uuid)f0be85a6-9308-4a49-a1a0-8428c6c6ef5c 
040 |a SNKBUCL  |b slo  |c SNKBUCL  |e AACR2 
041 0 |a slo 
044 |a xo  |c SK 
080 |a 37.018.11:371.541  |2 1981 
245 0 0 |a Autorita ako rozumný prostriedok výchovy  |c Vladimíra Komorovská 
520 |a Otcovská autorita. Prirodzená autorita rodičov. Neprimerané správanie dieťaťa a jeho potrestanie. Vrtošivé dieťa. 
700 1 |a Komorovská, Vladimíra,  |d 1961-  |4 ant  |9 226198 
773 0 |t Rodina a škola  |g Roč. 45, č. 1 (1997) s. 15 
850 |a Slovenská národná knižnica 
852 |a Slovenská národná knižnica 
954 |a odborná, vedecká literatúra pôvodná (slovenská)  |2 lita 
958 |a article27 
958 |a OND 
958 |a EUIPO 
999 |c 2927318  |d 2929248